[Event "57 Ogolnopolski Masowy Turniej Szachowy o "ZLOTA WIEZE" - Final Centralny 2015"]
[Site "Chotowa"]
[Date "1899-12-30"]
[Round "5.18"]
[White "Wozniak, Maciej"]
[Black "Pultorak, Jan"]
[Result "0-1"]
[WhiteTitle "k"]
[BlackTitle "I"]
[WhiteElo "2118"]
[BlackElo "2164"]

1. e4 c5 2. Nf3 d6 3. d4 cxd4 4. Nxd4 Nf6 5. Nc3 a6 6. Bg5 Nbd7 7. Qe2 g6 8. f4
Qc7 9. O-O-O Bg7 10. Nf3 h6 11. Bh4 O-O 12. Kb1 Nb6 13. Be1 Be6 14. Nd4 Bg4 15.
Nf3 Rac8 16. h3 Bxf3 17. Qxf3 Nfd7 18. Bd3 Nc5 19. Rc1 Nca4 20. Nd1 Nd7 21. Bb4
Qb6 22. Ba3 Nc3+ 23. Nxc3 Bxc3 24. b3 Nc5 25. Bc4 Na4 26. Qd3 Bg7 27. c3 Nc5 28.
Qe2 Qc7 29. Bb2 Rfd8 30. Qf3 b5 31. Bd3 Qb6 32. Rhe1 a5 33. Qe3 Qb7 34. Bf1 a4
35. b4 a3 36. Bxa3 Na4 37. c4 bxc4 38. Bxc4 Rc7 39. Qb3 Nc3+ 40. Rxc3 Bxc3 41.
Bxf7+ Kg7 42. Bd5 Qb5 43. Rd1 Rb8 44. Bb2 Qxb4 45. Qxb4 Rxb4 46. Bb3 Bxb2 47.
Kxb2 Rxe4 48. g3 Re3 49. Rg1 Rcc3 50. g4 Rxh3 51. Re1 Rce3 52. Rxe3 Rxe3 53. a4
Re4 54. a5 Rxf4 55. a6 Rf8 56. Bd5 Kf6 57. a7 Ke5 58. a8=Q Rxa8 59. Bxa8 Kf4 60.
Kc2 Kxg4 61. Kd3 Kf4 62. Ke2 g5 63. Kf2 e5 64. Bd5 h5 65. Bf7 h4 66. Be6 g4 67.
Bd5 h3 68. Kg1 e4 69. Kh2 e3 70. Bc4 d5 71. Bb5 Kf3 72. Bc6 e2 73. Bxd5+ Kf2 74.
Bg2 e1=Q 75. Bf1 Qe5+ 76. Kh1 Qe4+ 77. Kh2 Qf4+ 78. Kh1 Qf3+ 79. Kh2 Qg3+ 0-1

[Event "57 Ogolnopolski Masowy Turniej Szachowy o "ZLOTA WIEZE" - Final Centralny 2015"]
[Site "Chotowa"]
[Date "1899-12-30"]
[Round "5.19"]
[White "Szmer, Aleksander"]
[Black "Szpar, Milosz"]
[Result "1/2-1/2"]
[WhiteTitle "I"]
[BlackTitle "I"]
[WhiteElo "1849"]
[BlackElo "1831"]

1. d4 Nf6 2. Nc3 d6 3. e4 g6 4. f3 Bg7 5. Be3 c6 6. Qd2 b5 7. O-O-O Nbd7 8. e5
b4 9. exf6 bxc3 10. Qxc3 Nxf6 11. Qxc6+ Bd7 12. Qa6 Nd5 13. Bd2 O-O 14. Bc4 Nb6
15. Bb3 Qc7 16. Ne2 Rfc8 17. Ba5 Be6 18. Nc3 Bc4 19. Bxb6 axb6 20. Qxc4 Qxc4 21.
Bxc4 Rxc4 22. Kb1 Bxd4 23. Nd5 e6 24. b3 Rc5 25. Nxb6 Ra6 26. Na4 Rxa4 27. bxa4
e5 28. Rd3 Rc4 29. Rb3 Rxa4 30. c3 Bc5 31. Re1 Kg7 32. Re4 Ra7 33. Rb2 Kf6 34.
Kc2 d5 35. Re1 d4 36. Rb5 Rc7 37. a4 dxc3 38. a5 Bd4 39. a6 Ra7 40. Ra1 h5 41.
Rb7 Ra8 42. h4 Ke6 43. Rc7 f6 44. Rc6+ Kf5 45. g3 g5 46. hxg5 1/2-1/2

[Event "57 Ogolnopolski Masowy Turniej Szachowy o "ZLOTA WIEZE" - Final Centralny 2015"]
[Site "Chotowa"]
[Date "1899-12-30"]
[Round "5.20"]
[White "Krzyzanowska-zadlo, Lidia"]
[Black "Kopica, Paulina"]
[Result "1/2-1/2"]
[WhiteTitle "k"]
[BlackTitle "I++"]
[WhiteElo "1851"]
[BlackElo "1802"]

1. e4 e6 2. d4 d5 3. Nd2 a6 4. Ngf3 c5 5. exd5 exd5 6. dxc5 Bxc5 7. Nb3 Bb6 8.
Bd3 Ne7 9. O-O h6 10. Bf4 O-O 11. Re1 Nbc6 12. c3 Bg4 13. Rc1 Qd7 14. h3 Bf5 15.
Nbd4 Bg6 16. Nxc6 Nxc6 17. Ne5 Nxe5 18. Bxe5 Bxd3 19. Qxd3 Rad8 20. Rcd1 Qc6 21.
Qg3 f6 22. Bd4 Bc7 23. Qg6 Rfe8 24. g3 Re6 25. Rxe6 Qxe6 26. Qg4 Qe4 27. Be3 Qxg4
28. hxg4 Kf7 29. f4 b5 30. Kf2 Ke6 31. Bd4 Rd7 32. Re1+ Kf7 33. Kf3 Bd6 34. b4
Rc7 35. a3 Bf8 36. Re2 Rc8 37. Re1 Rc7 38. Re3 Rc8 39. Re2 Rc7 40. f5 Re7 41.
Ra2 Rb7 42. a4 Bd6 43. axb5 axb5 44. Ra8 Rd7 45. Ra6 Be5 46. Rb6 Rc7 47. Rxb5
Bxd4 48. cxd4 Rc4 49. Ke3 Ke7 50. Kd3 Kf7 51. Rb7+ Kf8 52. b5 Rb4 53. b6 Rb3+
54. Kc2 Rb5 55. Rb8+ Kf7 56. b7 Rb6 57. Rd8 Rxb7 58. Rxd5 Ke7 59. Kc3 Rb1 60.
Kc4 Rc1+ 61. Kb5 Rc3 62. Rc5 Rxg3 63. Rc7+ Kd6 64. Rxg7 h5 65. Rg6 Rxg4 66. Rxf6+
Kd5 67. Rh6 Kxd4 68. Rxh5 Ke5 69. Kc5 Rf4 70. Kc6 Rxf5 71. Rxf5+ Kxf5 1/2-1/2

[Event "57 Ogolnopolski Masowy Turniej Szachowy o "ZLOTA WIEZE" - Final Centralny 2015"]
[Site "Chotowa"]
[Date "1899-12-30"]
[Round "6.1"]
[White "Lewtak, Damian"]
[Black "Jagodzinski, Piotr"]
[Result "1-0"]
[WhiteTitle "m"]
[BlackTitle "k++"]
[WhiteElo "2325"]
[BlackElo "2273"]

1. d4 c5 2. Nf3 cxd4 3. Nxd4 Nf6 4. g3 e5 5. Nb3 d5 6. Bg2 Nc6 7. O-O h6 8. c4
d4 9. e3 Bg4 10. Bf3 Bxf3 11. Qxf3 e4 12. Qf5 d3 13. Nc3 g6 14. Qb5 Qd7 15. Nd2
O-O-O 16. Ncxe4 Nxe4 17. Nxe4 a6 18. Qa4 Qe6 19. c5 Ne5 20. c6 Nxc6 21. Bd2 Bb4
22. a3 Qxe4 23. f3 Qd5 24. axb4 Ne5 25. e4 Qd4+ 26. Kh1 Qxb2 27. Rac1+ Nc6 28.
Rxc6+ bxc6 29. Qxc6+ Kb8 30. Bf4+ Ka7 31. Be3+ Kb8 32. Rc1 Qxc1+ 33. Qxc1 Kb7
34. b5 Rd6 35. Qc5 Rhd8 36. Qa7+ 1-0

[Event "57 Ogolnopolski Masowy Turniej Szachowy o "ZLOTA WIEZE" - Final Centralny 2015"]
[Site "Chotowa"]
[Date "1899-12-30"]
[Round "6.2"]
[White "Dobrowolski, Aleksander"]
[Black "Lewicki, Miroslaw"]
[Result "1-0"]
[WhiteTitle "m"]
[BlackTitle "CM"]
[WhiteElo "2274"]
[BlackElo "2224"]

1. e4 c5 2. Nf3 d6 3. d4 cxd4 4. Nxd4 Nf6 5. Nc3 a6 6. Be2 e5 7. Nb3 Be6 8. f4
Qb6 9. f5 Bxb3 10. axb3 Nc6 11. Bg5 Nb4 12. Bb5+ Nc6 13. Bxf6 gxf6 14. Nd5 Qd8
15. O-O Rc8 16. Bc4 Nb4 17. Nxb4 Qb6+ 18. Kh1 Qxb4 19. Qh5 Rc7 20. c3 Qc5 21.
Bd5 Qe3 22. b4 Rg8 23. b5 Qd2 24. Rg1 Qxb2 25. bxa6 Rxg2 26. Rgb1 1-0

[Event "57 Ogolnopolski Masowy Turniej Szachowy o "ZLOTA WIEZE" - Final Centralny 2015"]
[Site "Chotowa"]
[Date "1899-12-30"]
[Round "6.3"]
[White "Lewtak, Dominik"]
[Black "Nun, Grzegorz"]
[Result "1-0"]
[WhiteTitle "k"]
[BlackTitle "I"]
[WhiteElo "2153"]
[BlackElo "1887"]

1. e4 c5 2. c3 d5 3. exd5 Qxd5 4. d4 Nc6 5. Nf3 e5 6. Nxe5 Nxe5 7. dxe5 Qxe5+ 8.
Be3 Bd7 9. Be2 Nf6 10. Bf3 Qc7 11. Nd2 Be7 12. O-O O-O 13. Re1 Rfe8 14. Qb3 Bc6
15. a4 Bxf3 16. Nxf3 Bd6 17. h3 h6 18. Rad1 b6 19. Qb5 Bf4 20. Bxf4 Qxf4 21. a5
Qc7 22. a6 Rxe1+ 23. Rxe1 Rd8 24. Qc4 Rd7 25. b3 Qd6 26. b4 cxb4 27. cxb4 Rc7
28. Qb5 Qd5 29. Qe2 b5 30. Rd1 Qc6 31. Qe5 Rc8 32. Nd4 Qxa6 33. Nxb5 Qa4 34. Rb1
Qc2 35. Rf1 Qa4 36. Nd6 Rd8 37. Qc5 Qd7 38. Nf5 Nd5 39. Ng3 Qc7 40. Rd1 Qb7 41.
Nf5 Kh7 42. Nd6 Rxd6 43. Qxd6 Nxb4 44. Qd7 Qxd7 45. Rxd7 Kg6 46. Rxa7 Nd3 47.
g3 f6 48. Kg2 Ne1+ 49. Kf1 Nf3 50. Ra3 Nd4 51. f4 h5 52. Kf2 Nb5 53. Rd3 Na7 54.
f5+ Kh6 55. Rd8 Kh7 56. Rd4 Kh6 57. Rd8 Kh7 58. Kf3 Nc6 59. Rd5 Kh6 60. Kf4 Nb4
61. Rd8 Kh7 62. Rd6 Na2 63. Ke3 Nc3 64. Kd3 Nd1 65. Ke2 Nc3+ 66. Ke3 Kh6 67. h4
Nb5 68. Rc6 Kh7 69. Kd3 Na7 70. Rc5 1-0

[Event "57 Ogolnopolski Masowy Turniej Szachowy o "ZLOTA WIEZE" - Final Centralny 2015"]
[Site "Chotowa"]
[Date "1899-12-30"]
[Round "6.4"]
[White "Ogonowska, Katarzyna"]
[Black "Swiech, Joanna"]
[Result "1/2-1/2"]
[WhiteTitle "I++"]
[BlackTitle "I++"]
[WhiteElo "1891"]
[BlackElo "1811"]

1. e4 c6 2. d4 d5 3. Nc3 Nf6 4. e5 Nfd7 5. Bd3 e6 6. Nce2 c5 7. c3 Nc6 8. Nf3 Be7
9. O-O cxd4 10. cxd4 O-O 11. a3 f5 12. exf6 Nxf6 13. Nf4 Bd6 14. Qc2 Qc7 15. g3
e5 16. dxe5 Nxe5 17. Nxe5 Bxe5 18. Qb3 Bxf4 19. Bxf4 Qf7 20. Rac1 Qh5 21. f3 Bh3
22. Rf2 b6 23. Be2 Be6 24. Bd6 Rfc8 25. Re1 Qf7 26. Bb5 Rd8 27. Bb4 a6 28. Bd3
a5 29. Bc3 Nd7 30. Qc2 g6 31. b4 axb4 32. axb4 Nf6 33. Rfe2 Re8 34. Qb2 Nh5 35.
Bb5 Bd7 36. Bxd7 Qxd7 37. Be5 Rf8 38. f4 Rad8 39. Qd4 b5 40. Bh8 Rf7 41. Re6 Ng7
42. Bxg7 Rxg7 43. Qe5 Rf7 44. Qg5 Rdf8 45. Qe5 Rf5 46. Qd4 Qg7 47. Qxg7+ Kxg7
48. Rd6 Rc8 49. Re7+ Kg8 50. Rb7 d4 51. Rxd4 Rh5 52. Kg2 Rf5 53. Rdd7 Rc2+ 54.
Kf3 Rc3+ 55. Kg2 Rc2+ 56. Kh3 Rh5+ 57. Kg4 Rc8 58. Rg7+ Kh8 59. h4 Rd8 60. Rgc7
Kg8 61. Rc5 Rhd5 62. Rcxb5 h5+ 63. Kf3 Rd3+ 64. Ke4 Rxg3 65. Rg5 Re8+ 66. Kd4
Rd8+ 67. Kc4 Rg4 68. Kc5 Rxf4 69. Rxg6+ Kf8 70. Rh6 Rf5+ 71. Kc6 Kg8 72. b5 Rc8+
73. Kb6 Rcc5 74. Ka6 Rc4 75. Rc6 Ra4+ 76. Kb6 Rxh4 77. Rc8+ Rf8 78. Rxf8+ Kxf8
79. Rc7 Rh1 80. Kb7 Ke8 81. b6 Kd8 82. Rc5 h4 83. Rd5+ Ke7 84. Kc8 Rc1+ 85. Kb8
h3 86. Rh5 Rh1 87. Rh7+ Kd8 88. b7 h2 89. Rh8+ Kd7 90. Rh7+ Kd8 91. Rh8+ 1/2-1/2

[Event "57 Ogolnopolski Masowy Turniej Szachowy o "ZLOTA WIEZE" - Final Centralny 2015"]
[Site "Chotowa"]
[Date "1899-12-30"]
[Round "6.5"]
[White "Banasik, Krzysztof"]
[Black "Luba, Lukasz"]
[Result "1/2-1/2"]
[WhiteTitle "k"]
[BlackTitle "I"]
[WhiteElo "2232"]
[BlackElo "2130"]

1. e4 c5 2. Nf3 Nc6 3. Bb5 Nd4 4. Nxd4 cxd4 5. O-O a6 6. Bc4 e6 7. c3 b5 8. Bb3
Bb7 9. d3 d5 10. cxd4 dxe4 11. dxe4 Bxe4 12. Nc3 Bg6 13. Qf3 Bd6 14. Bf4 Bxf4
15. Qxf4 Ne7 16. d5 exd5 17. Rad1 O-O 18. Nxd5 Nxd5 19. Rxd5 Qe7 20. h4 Qe4 21.
Qxe4 Bxe4 22. Rd7 Bc6 23. Rc7 Be8 24. Re1 a5 25. a3 a4 26. Ba2 Rd8 27. Re2 g6
28. Kh2 Kg7 29. Kg3 Kf6 30. f3 h6 31. Bb1 Rd1 32. Bc2 Rd8 33. Be4 Rd6 34. Rc8
Kg7 35. Rc7 Bd7 36. Rb7 Rc8 37. Re3 Rc5 38. Rd3 Rxd3 39. Bxd3 Rd5 40. Be2 Be8
41. Rb8 Bc6 42. Rb6 Bd7 43. Rb7 Be8 44. Rb8 Bc6 45. Rc8 Rd6 46. Kf2 Kf6 47. Ke3
Ke5 48. f4+ Ke6 49. g3 Kd7 50. Rf8 Re6+ 51. Kd2 Rf6 52. h5 gxh5 53. Bxh5 Bd5 54.
Be2 Rb6 55. Kc3 Ke7 56. Rh8 Bc4 57. Bxc4 bxc4 58. Ra8 Rb3+ 59. Kc2 c3 60. bxc3
Rxa3 61. Kb2 1/2-1/2

[Event "57 Ogolnopolski Masowy Turniej Szachowy o "ZLOTA WIEZE" - Final Centralny 2015"]
[Site "Chotowa"]
[Date "1899-12-30"]
[Round "6.6"]
[White "Szydelko, Marcin"]
[Black "Tustanowski, Robert"]
[Result "1/2-1/2"]
[WhiteTitle "I++"]
[BlackTitle "m"]
[WhiteElo "1984"]
[BlackElo "2206"]

1. e4 d6 2. d4 Nf6 3. Nc3 Nbd7 4. Bg5 e5 5. Bc4 Be7 6. f3 c6 7. a4 O-O 8. Nge2
a5 9. Qd2 Qb6 10. Be3 Qb4 11. Bb3 exd4 12. Qxd4 Nc5 13. Ba2 Be6 14. Bxe6 Nxe6
15. Qd2 d5 16. exd5 Rad8 17. O-O Bc5 18. Qc1 Nxd5 19. Nxd5 Rxd5 20. Nc3 Re5 21.
Bxc5 Nxc5 22. f4 Re7 23. f5 f6 24. Rf4 Qb6 25. Kh1 Rfe8 26. b3 Qc7 27. Qf1 Qxf4
28. Qxf4 Re1+ 29. Qf1 Rxf1+ 30. Rxf1 Re3 31. Nb1 Ne4 32. Kg1 h5 33. Rd1 Nc3 34.
Rd8+ Kh7 35. Nxc3 Rxc3 36. Rb8 Rxc2 37. Rxb7 h4 38. Ra7 Rc5 39. g4 hxg3 40. hxg3
Rxf5 41. Kg2 Rc5 42. Rb7 Kh6 43. b4 Rc4 44. bxa5 Rxa4 45. Rc7 Rxa5 46. Rxc6 Kg5
47. Rc3 Ra4 48. Kf3 f5 49. Rb3 Kh5 50. Rc3 Rb4 51. Ra3 g6 52. Rc3 g5 53. Ra3 g4+
54. Kg2 Rb2+ 55. Kg1 Rb5 56. Kg2 Kg5 57. Ra6 f4 58. gxf4+ Kf5 59. Ra4 Rb2+ 60.
Kg3 Rb3+ 61. Kg2 Rf3 62. Rb4 Rxf4 63. Rxf4+ 1/2-1/2

[Event "57 Ogolnopolski Masowy Turniej Szachowy o "ZLOTA WIEZE" - Final Centralny 2015"]
[Site "Chotowa"]
[Date "1899-12-30"]
[Round "6.7"]
[White "Tustanowski, Mateusz"]
[Black "Majocha, Piotr"]
[Result "0-1"]
[WhiteTitle "I"]
[BlackTitle "II+"]
[WhiteElo "1873"]
[BlackElo "1613"]

1. e4 e6 2. d3 d5 3. Nd2 Nf6 4. Ngf3 b6 5. e5 Nfd7 6. d4 Ba6 7. Bxa6 Nxa6 8. O-O
c5 9. c4 dxc4 10. Nxc4 Be7 11. d5 exd5 12. Qxd5 Nb4 13. Qe4 O-O 14. a3 Na6 15.
Ne3 Nc7 16. Rd1 Qc8 17. Nf5 Re8 18. Qg4 Ne6 19. Nxg7 Nxe5 20. Nxe5 Nxg7 21. Nd7
Qc6 22. Bf4 Rad8 23. Ne5 Qe6 24. Qf3 Rxd1+ 25. Rxd1 Bd6 26. Nd3 Bxf4 27. Qxf4
c4 28. h3 cxd3 29. Rxd3 Qf5 30. Qg3 Qe5 31. Qxe5 Rxe5 32. Rd7 a5 33. Rb7 Re6 34.
g4 Ne8 35. f4 Rc6 36. b4 axb4 37. axb4 Nd6 0-1

[Event "57 Ogolnopolski Masowy Turniej Szachowy o "ZLOTA WIEZE" - Final Centralny 2015"]
[Site "Chotowa"]
[Date "1899-12-30"]
[Round "6.8"]
[White "Korosciel, Aneta"]
[Black "Buksa, Ewelina"]
[Result "1-0"]
[WhiteTitle "m"]
[BlackTitle "I"]
[WhiteElo "2014"]
[BlackElo "1614"]

1. e4 e5 2. Nf3 Nc6 3. Bb5 Nf6 4. d3 Bc5 5. O-O d6 6. c3 O-O 7. Nbd2 Bg4 8. Bxc6
bxc6 9. Nc4 h6 10. b4 Bb6 11. Be3 Re8 12. Bxb6 cxb6 13. Re1 Nh7 14. h3 Be6 15.
Ne3 Ng5 16. a4 Qf6 17. Nxg5 Qxg5 18. Qf3 Rf8 19. c4 c5 20. bxc5 bxc5 21. Reb1
Rfb8 22. Nf5 Bxf5 23. exf5 Qd8 24. Rb7 Rxb7 25. Qxb7 Kf8 26. Rb1 Kg8 27. a5 Kf8
28. a6 Kg8 29. Kf1 Kf8 30. Ke2 Kg8 31. Qd5 h5 32. Rb7 Qf8 33. Kf3 h4 34. Kg4 Qe8
35. Kxh4 Qd8+ 36. Kg4 Qf6 37. Rxf7 Qxf7 38. Qxa8+ Kh7 39. Qb7 Qf6 40. Qxa7 Kh6
41. h4 g6 42. Qd7 gxf5+ 43. Qxf5 Qe7 44. Qg5+ 1-0

[Event "57 Ogolnopolski Masowy Turniej Szachowy o "ZLOTA WIEZE" - Final Centralny 2015"]
[Site "Chotowa"]
[Date "1899-12-30"]
[Round "6.9"]
[White "Chojnacki, Krzysztof"]
[Black "Walter, Szymon"]
[Result "1/2-1/2"]
[WhiteTitle "IM"]
[BlackTitle "I++"]
[WhiteElo "2412"]
[BlackElo "2177"]

1. d4 Nf6 2. c4 e6 3. Nc3 Bb4 4. e3 b6 5. Nge2 Ba6 6. Ng3 O-O 7. e4 d6 8. Bd3 Nc6
9. O-O Bxc3 10. bxc3 e5 11. d5 Na5 12. Qe2 Nd7 13. Nf5 g6 14. Nh6+ Kg7 15. Ng4
Kh8 16. Bh6 f5 17. Bxf8 Qxf8 18. Ne3 f4 19. Nc2 Nc5 20. Nb4 Bc8 21. f3 Qf6 22.
Bc2 Bd7 23. Kh1 Qh4 24. Nd3 Nab7 25. Ne1 Na5 26. Rg1 Rf8 27. g3 Qf6 28. gxf4 Qxf4
29. Rg3 Bc8 30. Nd3 Nxd3 31. Bxd3 Nb7 32. Rd1 Nc5 33. Qd2 Kg7 34. Qxf4 Rxf4 35.
Kg1 Rh4 36. Be2 Rf4 37. Kg2 Rh4 38. Rh1 Kf6 39. h3 Kg7 40. Kf2 Bd7 41. Ke3 Bc8
42. Rf1 Rf4 1/2-1/2

[Event "57 Ogolnopolski Masowy Turniej Szachowy o "ZLOTA WIEZE" - Final Centralny 2015"]
[Site "Chotowa"]
[Date "1899-12-30"]
[Round "6.10"]
[White "Kastelik, Adrian"]
[Black "Bardeli, Lukasz"]
[Result "1-0"]
[WhiteTitle "I++"]
[BlackTitle "FM"]
[WhiteElo "2116"]
[BlackElo "2215"]

1. d4 d5 2. c4 e6 3. Nc3 Nf6 4. cxd5 exd5 5. Bg5 Nbd7 6. Qc2 Be7 7. e3 O-O 8. Bd3
Re8 9. Nge2 Nf8 10. O-O g6 11. f3 Ne6 12. Bh4 c5 13. Bb5 Bd7 14. Bxd7 Qxd7 15.
dxc5 g5 16. Bf2 Bxc5 17. Rad1 Rad8 18. Qf5 Be7 19. h4 h6 20. hxg5 Nxg5 21. Nd4
Qxf5 22. Nxf5 Bf8 23. Rd4 Re5 24. Ng3 Re6 25. Rfd1 Bc5 26. R4d3 Red6 27. Nf5 R6d7
28. Nxh6+ Kg7 29. Nf5+ Kg6 30. Ng3 Ne6 31. Nge2 a6 32. Bh4 Bxe3+ 33. Rxe3 d4 34.
Bxf6 1-0

[Event "57 Ogolnopolski Masowy Turniej Szachowy o "ZLOTA WIEZE" - Final Centralny 2015"]
[Site "Chotowa"]
[Date "1899-12-30"]
[Round "6.11"]
[White "Kaminski, Piotr"]
[Black "Beczala, Pawel"]
[Result "1/2-1/2"]
[WhiteTitle "I"]
[BlackTitle "II+"]
[WhiteElo "1840"]
[BlackElo "1717"]

1. e4 c5 2. Nf3 g6 3. d4 cxd4 4. Nxd4 Nc6 5. c4 Nf6 6. Nc3 d6 7. f3 Nxd4 8. Qxd4
Bg7 9. Be3 O-O 10. Qd2 Qa5 11. Rc1 Be6 12. Nd5 Qxd2+ 13. Kxd2 Bxd5 14. cxd5 Rac8
15. g3 Rxc1 16. Kxc1 Rc8+ 17. Kd2 Nd7 18. Bh3 Rc7 19. b3 Bc3+ 20. Ke2 Nc5 21.
Rb1 a5 22. a3 b5 23. b4 axb4 24. axb4 Na4 25. Kf2 Nb2 26. Bf1 Nc4 27. Bh6 e5 28.
dxe6 fxe6 29. Bf4 Rc6 30. Rb3 Bd4+ 31. Ke1 e5 32. Bg5 Ra6 33. Rb1 Ra3 34. Be7
Rxf3 35. Bxc4+ bxc4 36. b5 Rb3 37. Rxb3 cxb3 38. Kd2 Kf7 39. Bxd6 Ke6 40. Bb4
Kd7 41. Ba5 Kd6 42. Bb4+ Kc7 43. Ba5+ Kd6 1/2-1/2

[Event "57 Ogolnopolski Masowy Turniej Szachowy o "ZLOTA WIEZE" - Final Centralny 2015"]
[Site "Chotowa"]
[Date "1899-12-30"]
[Round "6.12"]
[White "Binkowska, Agata"]
[Black "Szelag, Zuzanna"]
[Result "1-0"]
[WhiteTitle "I+"]
[BlackTitle "I"]
[WhiteElo "1788"]
[BlackElo "1585"]

1. d4 d5 2. Nf3 Nf6 3. b3 c5 4. e3 Nc6 5. Bb2 Bg4 6. Be2 e6 7. O-O cxd4 8. exd4
Bd6 9. Ne5 Bxe2 10. Qxe2 Qc7 11. Nd2 O-O 12. Kh1 Rac8 13. f4 Nd7 14. Nd3 Ne7 15.
Rf3 Ng6 16. Raf1 Nf6 17. c4 b6 18. h3 Nh4 19. R3f2 Nf5 20. Kh2 h5 21. g4 hxg4
22. hxg4 Nh6 23. Rg2 Ne4 24. Nxe4 dxe4 25. Qxe4 Qe7 26. g5 Nf5 27. Re1 Rfe8 28.
Kg1 Bb4 29. Ree2 Rcd8 30. Rh2 Qd6 31. Rh3 Kf8 32. Rh8+ Ke7 33. Rxe8+ Rxe8 34.
Qxf5 a5 35. Qe4 Kf8 36. Ne5 Rc8 37. Qh7 1-0

[Event "57 Ogolnopolski Masowy Turniej Szachowy o "ZLOTA WIEZE" - Final Centralny 2015"]
[Site "Chotowa"]
[Date "1899-12-30"]
[Round "6.13"]
[White "Zochowski, Kacper"]
[Black "Bartel, Michal"]
[Result "0-1"]
[WhiteTitle "k"]
[BlackTitle "FM"]
[WhiteElo "2141"]
[BlackElo "2314"]

1. e4 e5 2. Nf3 Nc6 3. Bb5 a6 4. Ba4 Nge7 5. Qe2 g6 6. c3 Bg7 7. O-O O-O 8. Rd1
b5 9. Bb3 d5 10. d4 exd4 11. e5 Bg4 12. cxd4 f6 13. Bf4 fxe5 14. Bxe5 Nxe5 15.
dxe5 Bxf3 16. gxf3 Rf5 17. f4 Rxf4 18. Nc3 c6 19. Rd3 Kh8 20. Re1 Qc7 21. Qe3
Raf8 22. f3 R4f5 23. Qc5 Bxe5 24. Rxe5 Rxe5 25. Nxd5 Qa5 26. Re3 Rg5+ 27. Kf1
Qd2 28. Qxe7 Re5 0-1

[Event "57 Ogolnopolski Masowy Turniej Szachowy o "ZLOTA WIEZE" - Final Centralny 2015"]
[Site "Chotowa"]
[Date "1899-12-30"]
[Round "6.14"]
[White "Gasik, Anna"]
[Black "Borawski, Jakub"]
[Result "1/2-1/2"]
[WhiteTitle "WIM"]
[BlackTitle "I++"]
[WhiteElo "2169"]
[BlackElo "2020"]

1. e4 e5 2. Nc3 Nf6 3. g3 Nc6 4. Bg2 Bc5 5. d3 d6 6. h3 Be6 7. f4 h6 8. f5 Bd7
9. Na4 Bxg1 10. Rxg1 Ne7 11. c4 c5 12. g4 Nc6 13. Nc3 Nd4 14. Ne2 Ng8 15. Nxd4
Qh4+ 16. Kf1 cxd4 17. Bd2 g6 18. Qe1 Qd8 19. Rc1 Rc8 20. Qg3 Ne7 21. Ke2 g5 22.
c5 Bb5 23. Bb4 f6 24. cxd6 Nc6 25. Ba3 Kd7 26. Rc5 Qb6 27. Rgc1 a5 28. Qe1 Nb4
29. Bxb4 axb4 30. Rxc8 Rxc8 31. Rxc8 Kxc8 32. Qc1+ Kd7 33. Qc7+ Qxc7 34. dxc7
Kxc7 35. b3 Be8 36. Kd2 Kd6 37. Bf3 Bf7 38. Kc2 Kc5 39. Be2 Kd6 1/2-1/2

[Event "57 Ogolnopolski Masowy Turniej Szachowy o "ZLOTA WIEZE" - Final Centralny 2015"]
[Site "Chotowa"]
[Date "1899-12-30"]
[Round "6.15"]
[White "Pytel, Maciej"]
[Black "Czajkowski, Adam"]
[Result "1/2-1/2"]
[WhiteTitle "I"]
[BlackTitle "I++"]
[WhiteElo "1723"]
[BlackElo "2153"]

1. e4 c5 2. Nf3 e6 3. d4 cxd4 4. Nxd4 a6 5. c4 Nf6 6. Nc3 Qc7 7. Be2 Nc6 8. Be3
Be7 9. O-O O-O 10. Rc1 d6 11. f3 Bd7 12. g4 Rac8 13. g5 Ne8 14. Nd5 exd5 15. cxd5
Nxd4 16. Rxc7 Nxe2+ 17. Qxe2 Rxc7 18. Qd2 Bh3 19. Rf2 f6 20. f4 fxg5 21. fxg5
g6 22. Bd4 Ng7 23. Bxg7 Kxg7 24. Rxf8 Bxf8 25. Kf2 Rf7+ 26. Kg3 Bd7 27. Qb4 Be8
28. Qb6 Kg8 29. Qd8 Bb5 30. Qc8 Re7 31. b3 Bd3 32. e5 Rxe5 33. Qxb7 Rxg5+ 34.
Kf4 Re5 35. Qc8 g5+ 36. Kf3 h5 37. h3 a5 38. Kg3 Be4 39. Qd8 Bxd5 40. Qxa5 Bxb3
41. Qa7 Bd1 42. a4 Re2 43. h4 gxh4+ 44. Kh3 Bb3 45. a5 Be6+ 46. Kxh4 Re4+ 47.
Kg5 Bg4 48. Qa8 Re5+ 49. Kf4 Kf7 50. Qb7+ Kg6 51. a6 Bh6+ 52. Kg3 Be3 53. a7 Bxa7
54. Qxa7 d5 55. Qd4 Kf5 56. Qf4+ Ke6 57. Qh6+ Kd7 58. Qb6 Rf5 59. Kh4 Re5 60.
Kg3 Re6 61. Qc5 Rd6 62. Kf4 Rf6+ 63. Ke5 Rf5+ 64. Kd4 Rf4+ 65. Ke5 Rf5+ 66. Kd4
h4 67. Qa7+ Ke6 68. Qb6+ Kf7 69. Qh6 Rh5 70. Qf4+ Bf5 71. Kxd5 h3 72. Qh2 Rg5
73. Qf4 Kf6 74. Kd6 Rh5 75. Qh2 Rh4 76. Qe5+ Kg6 77. Qg3+ Kh5 78. Ke5 Rg4 79.
Qf3 Be4 80. Qxh3+ Kg5 81. Qh8 Bg6 82. Qd8+ Kh5 83. Qd2 Rg5+ 84. Kf6 Rf5+ 85. Ke6
Rf7 1/2-1/2

[Event "57 Ogolnopolski Masowy Turniej Szachowy o "ZLOTA WIEZE" - Final Centralny 2015"]
[Site "Chotowa"]
[Date "1899-12-30"]
[Round "6.16"]
[White "Sosnowska, Elzbieta"]
[Black "Rudnik, Anna"]
[Result "1-0"]
[WhiteTitle "WFM"]
[BlackTitle "I++"]
[WhiteElo "1826"]
[BlackElo "1782"]

1. e4 e5 2. Nc3 Nc6 3. g3 Bc5 4. Bg2 d6 5. Nd5 Be6 6. c3 Nf6 7. b4 Bb6 8. a4 a6
9. Nxb6 cxb6 10. d3 d5 11. Bg5 d4 12. b5 Nb8 13. Bxf6 gxf6 14. c4 a5 15. Ne2 Nd7
16. O-O Nc5 17. f4 Bg4 18. h3 Be6 19. Nc1 Qe7 20. Qh5 Bd7 21. Ra2 h6 22. Kh2 Rh7
23. h4 O-O-O 24. fxe5 fxe5 25. Raf2 Be8 26. Qf5+ 1-0

[Event "57 Ogolnopolski Masowy Turniej Szachowy o "ZLOTA WIEZE" - Final Centralny 2015"]
[Site "Chotowa"]
[Date "1899-12-30"]
[Round "6.17"]
[White "Mroz, Waldemar"]
[Black "Cukrowski, Filip"]
[Result "0-1"]
[WhiteTitle "I++"]
[BlackTitle "m"]
[WhiteElo "1875"]
[BlackElo "2324"]

1. e4 c5 2. Nc3 d6 3. Bc4 e6 4. Nf3 Nc6 5. d3 Nge7 6. Bg5 h6 7. Bh4 a6 8. a4 g5
9. Bg3 d5 10. Bb3 Bg7 11. h4 g4 12. Nd2 h5 13. Rb1 O-O 14. Ne2 Ng6 15. Nf4 Nxf4
16. Bxf4 b5 17. c3 d4 18. c4 Nb4 19. Qe2 bxa4 20. Bd1 e5 21. Bg3 a3 22. bxa3 Na2
23. Rb2 Nc1 24. Qf1 Qa5 25. a4 Qc3 26. Rc2 Nxd3+ 27. Ke2 Nc1+ 28. Ke1 Qa1 29.
f4 d3 30. Rxc1 Qxc1 31. Qxd3 Be6 32. f5 Rad8 33. Qc2 Qa3 34. Qb3 Qxb3 35. Bxb3
Bd7 36. Ke2 Bc6 37. Bf2 Bh6 38. Be3 Bxe3 39. Kxe3 Rd4 40. Bc2 Rb8 41. Ra1 Rb2
42. Bd3 Rxd2 43. Kxd2 Bxe4 44. Ra3 Bxf5 45. Ke3 Bxd3 46. Rxd3 Rxd3+ 0-1

[Event "57 Ogolnopolski Masowy Turniej Szachowy o "ZLOTA WIEZE" - Final Centralny 2015"]
[Site "Chotowa"]
[Date "1899-12-30"]
[Round "6.18"]
[White "Pultorak, Jan"]
[Black "Ciechonski, Piotr"]
[Result "1-0"]
[WhiteTitle "I"]
[BlackTitle "I"]
[WhiteElo "2164"]
[BlackElo "1782"]

1. d4 Nf6 2. c4 g6 3. Nc3 d5 4. Nf3 Bg7 5. Qb3 dxc4 6. Qxc4 O-O 7. e4 Bg4 8. Be3
Nfd7 9. Rd1 Nb6 10. Qb3 Nc6 11. d5 Ne5 12. Be2 Nxf3+ 13. gxf3 Bh5 14. h4 Qc8 15.
f4 Bxe2 16. Kxe2 c6 17. h5 cxd5 18. Nxd5 Nxd5 19. Qxd5 Rd8 20. Qxd8+ Qxd8 21.
Rxd8+ Rxd8 22. h6 Bxb2 23. Rb1 Ba3 24. Rxb7 a6 25. Rb3 Bd6 26. e5 Bc7 27. Rb7
Rc8 28. Bb6 Bb8 29. Rxe7 Kf8 30. Rb7 g5 31. e6 Re8 32. Rxf7+ 1-0

[Event "57 Ogolnopolski Masowy Turniej Szachowy o "ZLOTA WIEZE" - Final Centralny 2015"]
[Site "Chotowa"]
[Date "1899-12-30"]
[Round "6.19"]
[White "Kocia, Kamil"]
[Black "Szmer, Aleksander"]
[Result "1/2-1/2"]
[WhiteTitle "II+"]
[BlackTitle "I"]
[WhiteElo "1894"]
[BlackElo "1849"]

1. d4 Nf6 2. Nf3 d6 3. g3 g6 4. Bg2 Bg7 5. O-O O-O 6. c4 c5 7. dxc5 dxc5 8. Qxd8
Rxd8 9. Be3 Na6 10. Nc3 Ng4 11. Rad1 Bd7 12. Bg5 f6 13. Bf4 Bc6 14. Bh3 h5 15.
Bg2 Kf7 16. Bc1 Nc7 17. Nd2 Bxg2 18. Kxg2 Bh6 19. Nf3 Rxd1 20. Rxd1 Bxc1 21. Rxc1
Rd8 22. Rd1 Rxd1 23. Nxd1 Ne8 24. Nc3 Nd6 25. b3 e6 26. h3 Nh6 27. Ne1 Nhf5 28.
e3 Ne7 29. Kf3 Nc6 30. Nd3 b6 31. Ke2 Ke7 32. Kd2 Nf7 33. Nf4 Nfe5 34. Ne4 h4
1/2-1/2

[Event "57 Ogolnopolski Masowy Turniej Szachowy o "ZLOTA WIEZE" - Final Centralny 2015"]
[Site "Chotowa"]
[Date "1899-12-30"]
[Round "6.20"]
[White "Kopica, Paulina"]
[Black "Topolan, Agata"]
[Result "1/2-1/2"]
[WhiteTitle "I++"]
[BlackTitle "I++"]
[WhiteElo "1802"]
[BlackElo "1746"]

1. e4 e5 2. Nf3 Nf6 3. Nc3 Nc6 4. d4 exd4 5. Nxd4 Bb4 6. Nxc6 Bxc3+ 7. bxc3 bxc6
8. Qd4 Qe7 9. Bd3 h6 10. O-O d6 11. Ba3 c5 12. Qe3 O-O 13. Rfe1 Ng4 14. Qg3 Qf6
15. Be2 Ne5 16. f4 Ng6 17. Bc1 Bb7 18. Bh5 Rae8 19. Bxg6 Qxg6 20. Qxg6 fxg6 21.
e5 dxe5 22. fxe5 Rf5 23. e6 Bc8 24. g3 Rxe6 25. Bf4 c6 26. Rad1 Rd5 27. Kf2 Rxe1
28. Kxe1 a6 29. Rxd5 cxd5 30. c4 Be6 31. cxd5 Bxd5 32. a3 Kf7 33. Bd6 c4 34. c3
g5 35. Ke2 h5 36. Ke3 Kf6 37. Bf8 g6 38. Bh6 h4 1/2-1/2